Laporan ekonomi 1998/1999.
| Corporate Author: | |
|---|---|
| Format: | Book |
| Published: |
Kuala Lumpur:
Kementerian Kewangan Malaysia,
1998.
|
| Subjects: |
| LEADER | 00494cam a2200169 7i4500 | ||
|---|---|---|---|
| 001 | 0000006927 | ||
| 005 | 19991126090000.0 | ||
| 002 | ##000008649 | ||
| 020 | 0 | 0 | |a T000006506 |
| 090 | 0 | 0 | |a M 330.9 |b KEM |
| 110 | 1 | 0 | |a Kementerian Kewangan Malaysia |
| 245 | 0 | 0 | |a Laporan ekonomi 1998/1999. |
| 260 | 0 | 0 | |a Kuala Lumpur: |b Kementerian Kewangan Malaysia, |c 1998. |
| 300 | # | # | |a 280 p. |
| 650 | 0 | 0 | |a Malaysia -- |x Economic conditions |
| 651 | 0 | 0 | |a Malaysia |
| 999 | |a 0000010089 |b Book |c Open shelf |e Business Information Centre | ||